Hướng dẫn tự lắp ráp và sửa chữa máy tính tạinhà /

Shranjeno v:
Bibliografske podrobnosti
Glavni avtor: Nguyễn Cường Thành
Format: Knjiga
Jezik:Vietnamese
Izdano: TKE 2003
Oznake: Označite
Brez oznak, prvi označite!
Thư viện lưu trữ: Mạng thư viện Đại học Đà Nẵng
LEADER 00661nam a2200265 4500
001 000027452
003 HDG
005 20150403120000.0
008 150403s vm 000 vie
020 |c 0,0000 
040 |a notts 
100 |a Nguyễn Cường Thành 
245 |a Hướng dẫn tự lắp ráp và sửa chữa máy tính tạinhà /  |c Nguyễn Cường Thành. 
260 |b TKE  |c 2003 
OWN |a LTT 
999 |a From the UDN01 
TYP |a Monograph 
TYP |a Printed language 
980 |a Mạng thư viện Đại học Đà Nẵng